[Event "BL2 Sued 1718 (Women)"]
[Site "Germany"]
[Date "2017.12.17"]
[Round "3.6"]
[White "Leinenbach, Janine"]
[Black "Zemke, Christine"]
[Result "0-1"]
[WhiteElo "1764"]
[BlackElo "1709"]
[PlyCount "84"]
[EventDate "2017.10.14"]
[EventType "team-tourn"]
[EventRounds "7"]
[EventCountry "GER"]
[SourceTitle "EXT 2019"]
[Source "ChessBase"]
[SourceDate "2018.10.10"]
[SourceVersion "1"]
[SourceVersionDate "2018.10.10"]
[SourceQuality "1"]
[WhiteTeam "Wadgassen/Differten (W)"]
[BlackTeam "Mainz Schott (W)"]
[WhiteTeamCountry "GER"]
[BlackTeamCountry "GER"]

1. c4 Nf6 2. d4 d5 3. e3 c6 4. Nc3 Qc7 5. Nf3 Bg4 6. cxd5 Nxd5 7. Be2 e6 8. h3 Bh5 9. 0-0 Nd7 10. Bd2 Be7 11. Rc1 0-0 12. Nxd5 exd5 13. Qb3 Nf6 14. Bb4 Rab8 15. Rfe1 Rfe8 16. Bxe7 Rxe7 17. Nh4 Bxe2 18. Rxe2 Qd7 19. Qd3 Ne4 20. Ree1 Rbe8 21. Qe2 Qe6 22. Qf3 g6 23. g4 Ng5 24. Qg2 Qf6 25. Kf1 Rxe3 26. Rxe3 Rxe3 27. Rc3 Re4 28. Nf3 Nxf3 29. Qxf3 Qxd4 30. Qd3 Qe5 31. Qg3 Re1+ 32. Kg2 Qxg3+ 33. Kxg3 Kf8 34. f3 Ke8 35. Kf2 Re7 36. b4 Kd7 37. a4 b6 38. h4 Kd6 39. Rd3 c5 40. bxc5+ bxc5 41. g5 c4 42. Rc3 Kc5 0-1

[Event "BL2 West 0708 (Women)"]
[Site "Germany"]
[Date "2008.03.15"]
[Round "6.4"]
[White "Schmidt, Andrea"]
[Black "Zemke, Christine"]
[Result "1/2-1/2"]
[WhiteElo "2070"]
[BlackElo "1748"]
[PlyCount "24"]
[EventDate "2007.11.10"]
[EventType "team-tourn"]
[EventRounds "7"]
[EventCountry "GER"]
[SourceTitle "EXT 2009"]
[Source "ChessBase"]
[SourceDate "2008.11.26"]
[SourceVersion "1"]
[SourceVersionDate "2008.11.26"]
[SourceQuality "1"]
[WhiteTeam "Krefeld (W)"]
[BlackTeam "Schott Mainz (W) II"]
[WhiteTeamCountry "GER"]
[BlackTeamCountry "GER"]

1. e4 d5 2. exd5 Qxd5 3. Nc3 Qd6 4. d4 Nf6 5. Nf3 a6 6. Be2 Bg4 7. Be3 e6 8. a3 h6 9. Qd2 Nc6 10. Bf4 Qd8 11. Ne5 Nxe5 12. Bxe5 Bxe2 1/2-1/2

[Event "BL 0708 (Women)"]
[Site "Germany"]
[Date "2008.01.13"]
[Round "5.5"]
[White "Kubikova, Alena"]
[Black "Zemke, Christine"]
[Result "1/2-1/2"]
[WhiteElo "2197"]
[BlackElo "1748"]
[PlyCount "74"]
[EventDate "2007.11.10"]
[EventType "team-tourn"]
[EventRounds "11"]
[EventCountry "GER"]
[SourceTitle "EXT 2009"]
[Source "ChessBase"]
[SourceDate "2008.11.26"]
[SourceVersion "1"]
[SourceVersionDate "2008.11.26"]
[SourceQuality "1"]
[WhiteTeam "Rodewisch (W)"]
[BlackTeam "Schott Mainz (W)"]
[WhiteTeamCountry "GER"]
[BlackTeamCountry "GER"]

1. e4 d5 2. exd5 Qxd5 3. Nc3 Qd6 4. d4 Nf6 5. Nf3 Bg4 6. Be2 a6 7. h3 Bh5 8. 0-0 e6 9. Be3 Be7 10. Qd2 Nc6 11. a3 Qd8 12. Rad1 Bd6 13. Rfe1 0-0 14. Ng5 Bg6 15. Bd3 Ne7 16. Nce4 Nf5 17. Nxf6+ Qxf6 18. Ne4 Qd8 19. c4 Nxe3 20. Qxe3 Be7 21. Bf1 c6 22. Nc5 Qc7 23. b4 Rfe8 24. Nd3 h6 25. Ne5 Bh7 26. c5 Rad8 27. Bc4 Bf6 28. Ng4 Bg5 29. Qb3 Bf5 30. Ne5 Bf6 31. f4 Bh4 32. g3 Bf6 33. Kh2 Bxe5 34. fxe5 Qe7 35. Qe3 Rd7 36. Rf1 Red8 37. Qf4 Bc2 1/2-1/2

[Event "BL2 Gr1 0304 (Women)"]
[Site "Germany"]
[Date "2003.11.30"]
[Round "4.3"]
[White "Buechle, Regina"]
[Black "Zemke, Christine"]
[Result "1/2-1/2"]
[WhiteElo "1836"]
[BlackElo "1777"]
[PlyCount "54"]
[EventDate "2003.10.25"]
[EventType "team-tourn"]
[EventRounds "7"]
[EventCountry "GER"]
[SourceTitle "EXT 2006"]
[Source "ChessBase"]
[SourceDate "2005.11.24"]
[SourceVersion "1"]
[SourceVersionDate "2005.11.24"]
[SourceQuality "1"]
[WhiteTeam "Wattenscheid (W)"]
[BlackTeam "Mainz (W)"]
[WhiteTeamCountry "GER"]
[BlackTeamCountry "GER"]

1. d4 d5 2. Nf3 e6 3. c4 c6 4. cxd5 exd5 5. Nc3 Nf6 6. Bg5 Be7 7. Qc2 Nbd7 8. e3 0-0 9. Bd3 h6 10. Bh4 Re8 11. 0-0 Nh5 12. Bxe7 Qxe7 13. Rab1 Nhf6 14. b4 a6 15. Rfe1 Ne4 16. a4 f5 17. b5 axb5 18. axb5 Ra3 19. Bxe4 fxe4 20. Nd2 Nf6 21. bxc6 bxc6 22. Na4 Qa7 23. Rb4 Rf8 24. Nc5 Ng4 25. Rf1 Ra2 26. Rb2 Ra1 27. Rbb1 Ra2 1/2-1/2

[Event "BL2 Gr1 0304 (Women)"]
[Site "Germany"]
[Date "2003.11.29"]
[Round "3.4"]
[White "Bakalarz, Grazyna"]
[Black "Zemke, Christine"]
[Result "1-0"]
[WhiteElo "2082"]
[BlackElo "1777"]
[PlyCount "113"]
[EventDate "2003.10.25"]
[EventType "team-tourn"]
[EventRounds "7"]
[EventCountry "GER"]
[SourceTitle "EXT 2006"]
[Source "ChessBase"]
[SourceDate "2005.11.24"]
[SourceVersion "1"]
[SourceVersionDate "2005.11.24"]
[SourceQuality "1"]
[WhiteTeam "Holsterhausen (W)"]
[BlackTeam "Mainz (W)"]
[WhiteTeamCountry "GER"]
[BlackTeamCountry "GER"]

1. d4 d5 2. Nf3 e6 3. g3 Bd6 4. Bg2 Nd7 5. b3 f5 6. Ba3 Qe7 7. Bxd6 Qxd6 8. Qc1 Ngf6 9. Qa3 Ne4 10. Qxd6 Nxd6 11. Nbd2 Nf6 12. c4 c6 13. Ne5 0-0 14. e3 Nfe4 15. f3 Nxd2 16. Kxd2 Nf7 17. Nd3 Rb8 18. Rac1 Nd6 19. Rhe1 Bd7 20. Ne5 Rbd8 21. b4 dxc4 22. Nxc4 Nxc4+ 23. Rxc4 Be8 24. f4 a6 25. Rc5 Rf6 26. Ke2 Kf8 27. a4 Rf7 28. Bf3 g6 29. Re5 Re7 30. a5 Kf7 31. h3 h6 32. g4 Kf6 33. Rg1 Rh7 34. h4 Bf7 35. Kd3 Rg7 36. Kc4 Be8 37. Kc5 g5 38. hxg5+ hxg5 39. gxf5 exf5 40. fxg5+ Rxg5 41. Rxg5 Kxg5 42. Re7 Bd7 43. Kd6 Bc8+ 44. Ke5 Kg6 45. d5 cxd5 46. Bxd5 Rd7 47. Rxd7 Bxd7 48. Bxb7 Bb5 49. Bc8 Bd3 50. Bd7 Kg5 51. b5 axb5 52. a6 b4 53. a7 Be4 54. Bxf5 Bxf5 55. a8Q b3 56. Qg8+ Bg6 57. Qxb3 1-0

[Event "GER-chT Federal Cup (Women)"]
[Site "Naumburg"]
[Date "2003.04.04"]
[Round "3"]
[White "Kierzek, Mira"]
[Black "Zemke, Christine"]
[Result "1/2-1/2"]
[WhiteElo "2141"]
[BlackElo "1745"]
[PlyCount "86"]
[EventDate "2003.04.??"]
[EventType "team-swiss"]
[EventRounds "5"]
[EventCountry "GER"]
[SourceTitle "EXT 2004"]
[Source "ChessBase"]
[SourceDate "2003.11.25"]
[SourceVersion "1"]
[SourceVersionDate "2003.11.25"]
[SourceQuality "1"]

1. Nf3 e6 2. c4 b6 3. g3 Bb7 4. Bg2 Nf6 5. 0-0 Be7 6. d3 0-0 7. e4 d5 8. e5 Ne8 9. b3 d4 10. h4 h6 11. Nbd2 c5 12. a3 a5 13. Re1 Nd7 14. Nf1 Rb8 15. N1h2 Nc7 16. Bf4 Re8 17. Qe2 Nf8 18. Bd2 Nh7 19. Ng4 Bf8 20. Rab1 Na6 21. Bc1 Ba8 22. Bd2 Bb7 23. Rf1 Ba8 24. Ngh2 Be7 25. Bh3 Nc7 26. Rfd1 Kh8 27. Bg2 Kg8 28. Ne1 Na6 29. Qg4 Kh8 30. Bxa8 Rxa8 31. Ng2 Nc7 32. Re1 Rg8 33. Qf3 Rf8 34. Qh5 Qe8 35. Qf3 Qd8 36. Qe2 Rb8 37. Nf3 Rg8 38. Kh2 g5 39. h5 Rg7 40. g4 Ne8 41. Ng1 Qc7 42. Kh1 Qc6 43. f3 Nc7 1/2-1/2

[Event "GER-chT Federal Cup (Women)"]
[Site "Naumburg"]
[Date "2003.04.03"]
[Round "1"]
[White "Banisch, Anett"]
[Black "Zemke, Christine"]
[Result "1-0"]
[WhiteElo "2106"]
[BlackElo "1745"]
[PlyCount "57"]
[EventDate "2003.04.??"]
[EventType "team-swiss"]
[EventRounds "5"]
[EventCountry "GER"]
[SourceTitle "EXT 2004"]
[Source "ChessBase"]
[SourceDate "2003.11.25"]
[SourceVersion "1"]
[SourceVersionDate "2003.11.25"]
[SourceQuality "1"]

1. e4 d5 2. exd5 Qxd5 3. Nc3 Qd6 4. Nf3 Nf6 5. d4 Bg4 6. Nb5 Qd8 7. Bc4 c6 8. Ne5 Qa5+ 9. Bd2 Qxb5 10. Bxf7+ Kd8 11. Nxg4 Nbd7 12. a4 Qf5 13. Ne3 Qg5 14. Qf3 Qh4 15. 0-0-0 g6 16. g3 Qh5 17. g4 Qh4 18. h3 Bh6 19. Kb1 Bxe3 20. Qxe3 Rf8 21. Be6 a5 22. c4 b6 23. f4 Ne8 24. g5 h6 25. Rhe1 Nb8 26. Bg4 Ra7 27. Qe6 Nd6 28. c5 Nf5 29. Qxg6 1-0

[Event "BL2 Sued 0102 (Women)"]
[Site "Germany"]
[Date "2002.03.02"]
[Round "6.5"]
[White "Zemke, Christine"]
[Black "Gorka, Christiane"]
[Result "0-1"]
[WhiteElo "1785"]
[BlackElo "1746"]
[PlyCount "114"]
[EventDate "2001.10.27"]
[EventType "team-tourn"]
[EventRounds "7"]
[EventCountry "GER"]
[SourceTitle "EXT 2003"]
[Source "ChessBase"]
[SourceDate "2002.11.25"]
[SourceVersion "1"]
[SourceVersionDate "2002.11.25"]
[SourceQuality "1"]
[WhiteTeam "Schott Mainz"]
[BlackTeam "Dortmund Brackel"]
[WhiteTeamCountry "GER"]
[BlackTeamCountry "GER"]

1. d4 g6 2. e3 Bg7 3. Bd3 d6 4. f4 c5 5. c3 Qc7 6. Nf3 Bg4 7. 0-0 Nd7 8. Qa4 Nh6 9. Nbd2 0-0 10. h3 Nb6 11. Qc2 Bxf3 12. Nxf3 c4 13. Be2 d5 14. Ne5 f6 15. Ng4 f5 16. Ne5 Rac8 17. Bd2 Nf7 18. Be1 Nd6 19. Bf3 e6 20. Bh4 a6 21. g4 Nd7 22. Nxd7 Qxd7 23. Rf2 Ne4 24. Bxe4 fxe4 25. Raf1 Rf7 26. Kg2 b5 27. a3 a5 28. Ra1 Bf8 29. Bg3 Qb7 30. g5 Ra8 31. Qd1 b4 32. a4 Ra6 33. Re2 Rb6 34. Be1 bxc3 35. Bxc3 Bb4 36. Qc1 Bxc3 37. bxc3 Rb3 38. Rc2 Qc6 39. Raa2 Rfb7 40. Qd2 Qd6 41. Rab2 Qe7 42. h4 Ra3 43. Rxb7 Qxb7 44. Rb2 Rb3 45. Ra2 Rb1 46. Kf2 Qb3 47. Kg3 Rg1+ 48. Kf2 Rd1 49. Qb2 Rc1 50. Qxc1 Qxa2+ 51. Kg3 Qxa4 52. h5 Qb3 53. hxg6 hxg6 54. Qh1 Qxc3 55. Qh6 Qxe3+ 56. Kg2 Qf3+ 57. Kh2 Qh5+ 0-1

[Event "BL2 Sued 0102 (Women)"]
[Site "Germany"]
[Date "2001.12.02"]
[Round "4.4"]
[White "Zemke, Christine"]
[Black "Hofmann, Petra"]
[Result "0-1"]
[WhiteElo "1785"]
[BlackElo "1799"]
[PlyCount "54"]
[EventDate "2001.10.27"]
[EventType "team-tourn"]
[EventRounds "7"]
[EventCountry "GER"]
[SourceTitle "EXT 2003"]
[Source "ChessBase"]
[SourceDate "2002.11.25"]
[SourceVersion "1"]
[SourceVersionDate "2002.11.25"]
[SourceQuality "1"]
[WhiteTeam "Schott Mainz"]
[BlackTeam "Stuttgart Wolfbusch"]
[WhiteTeamCountry "GER"]
[BlackTeamCountry "GER"]

1. d4 Nf6 2. e3 d5 3. Bd3 c6 4. Nd2 Nbd7 5. f4 e6 6. Ngf3 Ng4 7. Qe2 f5 8. Ne5 Ndxe5 9. fxe5 Be7 10. Nf3 0-0 11. Bd2 Bd7 12. 0-0 c5 13. c3 a6 14. h3 Nh6 15. Nh2 Qb6 16. Bc1 Nf7 17. Kh1 Ng5 18. b3 Ne4 19. Bxe4 fxe4 20. Rxf8+ Rxf8 21. Bb2 cxd4 22. cxd4 Bb5 23. Qd2 Bh4 24. Ba3 Rf2 25. Qb4 Qd8 26. Ng4 Rf7 27. Rc1 Be7 0-1

[Event "BL2 Sued 0102 (Women)"]
[Site "Germany"]
[Date "2001.10.28"]
[Round "2.5"]
[White "Zemke, Christine"]
[Black "Brueggemann, Sandra"]
[Result "1-0"]
[WhiteElo "1785"]
[BlackElo "1662"]
[PlyCount "47"]
[EventDate "2001.10.27"]
[EventType "team-tourn"]
[EventRounds "7"]
[EventCountry "GER"]
[SourceTitle "EXT 2003"]
[Source "ChessBase"]
[SourceDate "2002.11.25"]
[SourceVersion "1"]
[SourceVersionDate "2002.11.25"]
[SourceQuality "1"]
[WhiteTeam "Schott Mainz"]
[BlackTeam "Eikamp"]
[WhiteTeamCountry "GER"]
[BlackTeamCountry "GER"]

1. d4 d5 2. e3 Nf6 3. Bd3 e6 4. Nd2 Nc6 5. c3 Bd7 6. f4 g6 7. Ngf3 Bg7 8. 0-0 0-0 9. Ne5 a6 10. Rf3 Nxe5 11. fxe5 Ng4 12. Rg3 Nh6 13. e4 Bc6 14. Rh3 dxe4 15. Nxe4 Nf5 16. Bg5 Qd5 17. Bf6 h6 18. Qd2 h5 19. Rxh5 Qa5 20. Rh3 Bxe4 21. Bxe4 Nxd4 22. Bxg7 Ne2+ 23. Kh1 Rfd8 24. Rh8+ 1-0